000 00511nam a22001817a 4500
003 CEME
005 20210628210142.0
008 210215b xxu||||| |||| 00| 0 eng d
020 _a0-87201-513-0
040 _c.
082 _a620.106 ENC
100 _aCheremisinoff, Nicholas. P
_92953
245 _aEncyclopedia of fluid mechanics flow phenomena and measurement
260 _aLONDON
_bGULF PUBLISHING
_c1986
300 _a1620P, VOL-1
650 _aFLUID MECHANICS DICTIONARIES
_939933
942 _cBK
_2ddc
999 _c583457
_d583457